Angielskie kluby w Europejskich Pucharach - Statystyki

Ogólne statystyki
  • Ten quiz został rozwiązany 59 razy
    45 od ostatniego zresetowania
  • Średni wynik to 22 z 39
Statystyki odpowiedzi
Liczba sezonów Sezony Klub % Poprawnych
38 63/64, 69/70 - 71/72, 78/79 - 79/80, 81/82 - 82/83, 91/92, 93/94 - 94/95, 96/97 - 20/21, 22/23 - 23/24 Arsenal
98%
30 65/66, 68/69, 70/71 - 71/72, 94/95, 97/98 - 15/16, 17/18 - 22/23 Chelsea
98%
23 68/69 - 70/71, 72/73, 76/77 - 78/79, 03/04, 08/09, 10/11 - 23/24 Manchester City
98%
46 56/57 - 57/58, 63/64 - 65/66, 67/68 - 68/69, 76/77 - 77/78, 80/81, 82/83 - 84/85, 90/91 - 13/14, 15/16 - 23/24 Manchester United
98%
30 61/62 - 63/64, 67/68, 71/72 - 73/74, 81/82 - 84/85, 91/92, 95/96, 99/00, 06/07 - 08/09, 10/11 - 22/23 Tottenham
98%
47 64/65 - 84/85, 91/92, 95/96 - 98/99, 00/01 - 10/11, 12/13, 14/15 - 15/16, 17/18 - 23/24 Liverpool
95%
17 62/63 - 66/67, 70/71, 75/76, 78/79 - 79/80, 84/85, 96/97, 05/06, 07/08 - 09/10, 14/15, 17/18 Everton
90%
6 61/62, 97/98, 00/01, 16/17, 20/21 - 21/22 Leicester
88%
18 74/75, 77/78, 81/82 - 83/84, 90/91, 93/94 - 94/95, 96/97 - 98/99, 00/01 - 02/03, 08/09 - 10/11, 23/24 Aston Villa
85%
17 68/69 - 70/71, 77/78, 94/95, 96/97 - 99/00, 01/02 - 06/07, 12/13, 23/24 Newcastle
85%
11 64/65 - 65/66, 75/76, 80/81, 99/00, 06/07, 15/16 - 16/17, 21/22 - 23/24 West Ham
80%
18 65/66 - 74/75, 79/80, 92/93, 95/96, 98/99 - 02/03 Leeds
65%
9 58/59, 61/62, 67/68, 78/79 - 80/81, 83/84 - 84/85, 95/96 Nottingham Forest
65%
8 58/59 - 60/61, 71/72, 73/74 - 74/75, 80/81, 19/20 Wolverhampton
65%
1 23/24 Brighton
63%
3 02/03, 09/10, 11/12 Fulham
58%
9 69/70, 71/72, 76/77, 81/82 - 82/83, 84/85, 03/04, 15/16 - 16/17 Southampton
58%
7 94/95 - 95/96, 98/99, 02/03 - 03/04, 06/07 - 07/08 Blackburn
53%
3 60/61, 66/67, 18/19 Burnley
53%
1 73/74 Sunderland
53%
4 58/59, 60/61 - 61/62, 11/12 Birmingham
50%
1 93/94 Norwich
50%
3 72/73, 74/75, 11/12 Stoke
48%
2 82/83, 13/14 Swansea
48%
10 62/63, 73/74 - 75/76, 77/78 - 78/79, 80/81 - 82/83, 01/02 Ipswich
45%
1 83/84 Watford
43%
1 70/71 Coventry
38%
1 14/15 Hull
38%
5 66/67, 68/69, 78/79 - 79/80, 81/82 West Brom
35%
1 08/09 Portsmouth
33%
2 05/06, 07/08 Bolton
28%
2 04/05 - 05/06 Middlesbrough
28%
2 76/77, 84/85 QPR
28%
1 13/14 Wigan
28%
4 72/73, 74/75 - 76/77 Derby County
25%
4 61/62, 63/64, 92/93, 95/96 Sheffield Wednesday
23%
1 04/05 Millwall
18%
1 95/96 Wimbledon
13%
1 00/01 Bradford
5%
Nie znaleziono quizów pasujących do podanych kryteriów
Rozkład punktacji
Procent ludzi z każdym wynikiem
Percentyl według liczby udzielonych odpowiedzi
Twoja historia wyników
Nie rozwiązałeś tego quizu od ostatniego zresetowania